| 000 | 00830nam a2200253Ia 4500 | ||
|---|---|---|---|
| 003 | GCL | ||
| 005 | 20240530095456.0 | ||
| 008 | 140319s9999 xx 000 0 ara d | ||
| 020 | _a9056269959 | ||
| 040 |
_aGCL / _cGCL |
||
| 082 | 0 | 4 |
_a303.6/ _bر م |
| 100 | 1 | _aرجب بو دبوس | |
| 245 | 1 | 0 |
_aمواقف 13 : _bمن يزرع الظلم يحصد العنف / _cرجب بو دبوس |
| 250 | _aط.1 | ||
| 260 |
_aالقاهرة : _bاكاديمية الفكر الجماهيري ، _c2004 |
||
| 300 |
_a216ص ؛ _c19سم |
||
| 490 |
_aمواقف _v13 |
||
| 650 | 0 | 4 | _aالجرائم السياسية |
| 650 | 0 | 4 | _aالارهاب الدولى |
| 650 | 0 | 4 | _aالتنمية الثقافية |
| 650 | 0 | 4 | _aاحداث 11 سبتمبر |
| 650 | 0 | 4 | _aالصهيونية - الاحوال السياسية |
| 942 |
_2ddc _cBK |
||
| 999 |
_c7647 _d7647 |
||